Využívanie progresívnych princípov celoživotného vzdelávania v praxi vzdelávacej inštitúcie

Rozvíjanie spôsobilosti vykonávať pracovnú pozíciu celoživotným vzdelávaním. Portfólio vzdelávacích aktivít v Centre ďalšieho vzdelávania Ekonomickej univerzity v Bratislave. Využívanie progresívnych foriem vzdelávania. Skúsenosti so zahraničnými vzdelávacími projektami. Projekty spolufinancované Eu...

Full description

Saved in:
Bibliographic Details
Main Author: Porvazník, Ján
Format: Book Chapter
Language:Slovak
Subjects:
Tags: Add Tag
No Tags, Be the first to tag this record!

MARC

LEADER 00000naa$a2200000$$$4500
001 0047188
005 20240502071539.1
041 0 |a slo 
044 |a SK 
245 1 0 |a Využívanie progresívnych princípov celoživotného vzdelávania v praxi vzdelávacej inštitúcie  |c Ján Porvazník 
520 |a Rozvíjanie spôsobilosti vykonávať pracovnú pozíciu celoživotným vzdelávaním. Portfólio vzdelávacích aktivít v Centre ďalšieho vzdelávania Ekonomickej univerzity v Bratislave. Využívanie progresívnych foriem vzdelávania. Skúsenosti so zahraničnými vzdelávacími projektami. Projekty spolufinancované Európskym sociálnym fondom. 
610 2 0 |a vzdelávanie 
610 2 0 |a vzdelávanie celoživotné 
610 2 0 |a vzdelávanie dištančné 
610 2 0 |a vzdelávanie elektronické 
610 2 0 |a vedomosti 
610 2 0 |a kvalifikácia 
610 2 0 |a semináre 
610 2 0 |a kurzy 
610 2 0 |a projekty medzinárodné 
610 2 0 |a financovanie 
100 1 |a Porvazník, Ján